000 014180000a22002410004500
001 14873
003 CO-MdBIC
020 _a84-205-3711-X
040 _bspa.
082 0 4 _aG 155.67 S2969p
100 1 _aShaie, K. Warner
245 1 0 _aPsicología de la edad adulta y la vejez / K. Warner Schaie ; Sherry L Willis ; Maria Olmos Soria, Traducción.
250 _a5 ed.
260 _aMadrid : Pearson
300 _a609 p.
336 _atexto
_btxt
_2rdacontent
337 _2rdamedia
_asin mediación
_bn
338 _2rdacarrier
_avolumen
_bnc
505 _adesarrollo adulto y envejecimiento -- la juventud: independencia contra intimidad -- la madurez : generatividad y responsabilidad -- la vejez: reintegración o desesperación -- metodología de investigación en desarrollo adulto y envejecimiento -- la familia: relaciones interdependientes -- hombres y mujeres: juntos y separados -- la carrera profesional: ganarse la vida -- desarrollo de la personalidad: continuidad y cambio -- motivación: creencias, metas y afectividad -- aprendizaje y memoria: adquirir y retener información -- desarrollo intelectual: mostrarse competente -- desarrollo biológico: el cuerpo envejece -- trastornos mentales: no poder afrontar la realidad -- el final de la vida: la muerte y el duelo
650 1 4 _aVEJEZ \ PSICOLOGIA \ EDAD ADULTA \ MADUREZ (PSICOLOGIA)
700 1 _aOlmos Soria, Marina, Trad.
942 _cBK
999 _c43692
_d43692